000 01010nam a2200181 a 4500
005 20260217095933.0
008 260204s2026##################000#0#eng##
020 _a9780521456661
_qpbk
041 _aeng
082 0 4 _a306.0941
_bGOO
100 _a Goody , Jack
245 1 0 _aThe Expansive Moment: The Rise of Social Anthropology in Britain and Africa 1918-1970
_c/Jack Goody
260 _bCambridge Univ Pr
_c1995
300 _a244p,;
_c20 cm.
504 _aindex
520 _aJack Goody's new book explores the history of social anthropology as an emergent discipline in the interwar years. It focuses on key practitioners, such as Malinowski and Fortes, and explores how far ideological approaches adopted by social anthropologists were defined by the institutions in which they developed, particularly in response to key issues of the time: colonialism, anti-Semitism and communism. Goody focuses on Britain and Africa, and draws on his own wide-ranging personal fieldwork experience.
942 _cREF
999 _c610149
_d610149